[Event "MuConsult Tienkamp 2013"]
[Site "dok Zuid"]
[Date "2013.05.25"]
[Round "6.2"]
[White "Stefan Kuipers"]
[Black "Armen Hachijan"]
[Result "0-1"]
[LiveChessVersion "1.4.1"]
[BlackElo "2217"]
[WhiteElo "2425"]

1. e4 c5 2. Nf3 e6 3. d4 cxd4 4. Nxd4 a6 5. Bd3 Bc5 6. Nb3 Ba7 7. Qg4 Nf6 8. Qg3 d6 9. O-O O-O 10. Bg5 Kh8 11. Nc3 h6 12. Bxf6 Qxf6 13. Qxd6 Rd8 14. Qg3 Nc6 15. Rae1 Ne5 16. Be2 g5 17. Kh1 Qf4 18. Qxf4 gxf4 19. Rd1 Bd7 20. Nc1 Bc6 21. Nd3 Nc4 22. b3 Bd4 23. Nb4 Ne5 24. Nxc6 Nxc6 25. Nb1 b5 26. g3 Be5 27. c3 Rxd1 28. Rxd1 b4 29. cxb4 Nxb4 30. a3 Nc2 31. Kg2 a5 32. Rd2 Rc8 33. Bd1 f3+ 34. Bxf3 Ne1+ 0-1

[Event "MuConsult Tienkamp 2013"]
[Site "dok Zuid"]
[Date "2013.05.25"]
[Round "6.3"]
[White "Merijn van Delft"]
[Black "Twan Burg"]
[Result "0-1"]
[LiveChessVersion "1.4.1"]
[BlackElo "2479"]
[WhiteElo "2394"]

1. e4 c5 2. Nf3 d6 3. d4 cxd4 4. Nxd4 Nf6 5. Nc3 a6 6. h3 e6 7. g4 Be7 8. g5 Nfd7 9. h4 b5 10. Be3 Bb7 11. a3 Nc6 12. Nxc6 Bxc6 13. Qd4 O-O 14. O-O-O Rb8 15. h5 Nc5 16. f4 Qc7 17. Bg2 a5 18. h6 e5 19. Qd2 g6 20. Bxc5 dxc5 21. f5 b4 22. axb4 axb4 23. Nd5 Bxd5 24. exd5 Ra8 25. Qe3 c4 26. Kd2 c3+ 27. bxc3 Ra3 28. f6 Bc5 29. Qe4 Rxc3 30. Rh3 Bd4 31. Rdh1 b3 32. cxb3 Qa5 33. Rxc3 Qxc3+ 34. Ke2 Ra8 35. Qb1 Qe3+ 36. Kd1 Ra1 37. Qxa1 Qxb3+ 38. Ke2 Qe3+ 39. Kd1 Qd3+ 40. Kc1 Bxa1 41. Rh3 Qc4+ 42. Kb1 Bc3 43. Kc2 Bd4+ 44. Kd1 Qa4+ 45. Ke2 Qc2+ 46. Kf1 Qf2# 0-1

[Event "MuConsult Tienkamp 2013"]
[Site "dok Zuid"]
[Date "2013.05.25"]
[Round "6.4"]
[White "Hugo ten Hertog"]
[Black "Thomas Beerdsen"]
[Result "1-0"]
[LiveChessVersion "1.4.1"]
[BlackElo "2195"]
[WhiteElo "2388"]

1. c4 c6 2. Nf3 Nf6 3. b3 d5 4. Bb2 Bg4 5. e3 e6 6. Be2 Nbd7 7. h3 Bh5 8. d3 Bd6 9. Nbd2 O-O 10. Rc1 e5 11. g4 Bg6 12. Nh4 Bb4 13. a3 Bxd2+ 14. Qxd2 dxc4 15. bxc4 Nc5 16. Nxg6 hxg6 17. Bxe5 Nb3 18. Qb2 Nxc1 19. Qxc1 Qa5+ 20. Bc3 Qc7 21. Qb2 Rfe8 22. g5 Nd7 23. Bxg7 Qa5+ 24. Bc3 Qxg5 25. Kf1 Nc5 26. h4 Qf5 27. Bh8 f6 28. Qxf6 Qxf6 29. Bxf6 Kf7 30. Bd4 Ne6 31. Bc3 b5 32. h5 bxc4 33. hxg6+ Kxg6 34. Bh5+ Kf5 35. Bxe8 Rxe8 36. dxc4 Rb8 37. Kg2 Rg8+ 38. Kf3 Ng5+ 39. Ke2 Ne4 40. Be1 Rb8 41. Rh7 Rb2+ 42. Kf1 Rb1 43. Rxa7 Nd2+ 44. Ke2 Nxc4 45. Bb4 Rb2+ 46. Kf1 Ke4 47. Re7+ Kd3 48. Rd7+ Kc2 49. Rd4 Kb3 50. Rd3+ Ka4 51. f4 c5 52. Bxc5 Nd2+ 53. Ke1 Nf3+ 54. Kd1 Kb5 55. Bd4 Kc4 56. Bxb2 Kxd3 57. Bd4 Nh4 58. Ke1 1-0

[Event "MuConsult Tienkamp 2013"]
[Site "dok Zuid"]
[Date "2013.05.25"]
[Round "6.5"]
[White "Roeland Pruijssers"]
[Black "Sjef Rijnaarts"]
[Result "1-0"]
[LiveChessVersion "1.4.1"]
[BlackElo "2353"]
[WhiteElo "2552"]

1. e4 c5 2. Nf3 e6 3. d4 cxd4 4. Nxd4 Nc6 5. Nc3 d6 6. g4 a6 7. Be3 Nge7 8. g5 b5 9. Nb3 Bb7 10. a4 b4 11. Ne2 Ne5 12. Ng3 Rc8 13. Nd2 d5 14. f4 d4 15. Bf2 N5g6 16. Nh5 h6 17. Bd3 hxg5 18. fxg5 Ne5 19. Bg3 N7g6 20. h4 Nxd3+ 21. cxd3 Bd6 22. Bf2 Ne5 23. Nf4 a5 24. O-O Nc6 25. Qg4 Ne5 26. Qd1 Nc6 27. Bg3 Ne7 28. Nc4 Bxf4 29. Rxf4 Ng6 30. Rf2 Rxc4 31. dxc4 Bxe4 32. Qe2 Qxg5 33. Rg2 Nxh4 34. Qxe4 Nxg2 35. Qa8+ Ke7 36. Qb7+ Kf6 37. Rf1+ Kg6 38. Qxf7+ Kh6 39. Qxe6+ g6 40. Kxg2 Rd8 41. Qf7 Qd2+ 42. Rf2 Qg5 43. Qf4 d3 44. Qxg5+ Kxg5 45. Rd2 Rd4 46. Kf3 Rxc4 47. Rxd3 1-0

[Event "MuConsult Tienkamp 2013"]
[Site "dok Zuid"]
[Date "2013.05.25"]
[Round "7.1"]
[White "Sjef Rijnaarts"]
[Black "Sipke Ernst"]
[Result "1-0"]
[LiveChessVersion "1.4.1"]
[BlackElo "2554"]
[WhiteElo "2353"]

1. e4 c6 2. d4 d5 3. Nc3 dxe4 4. Nxe4 Bf5 5. Ng3 Bg6 6. Nf3 Nd7 7. h4 h6 8. h5 Bh7 9. Bd3 Bxd3 10. Qxd3 e6 11. Bd2 Ngf6 12. O-O-O Be7 13. Kb1 Qb6 14. c4 Qa6 15. Rc1 O-O 16. Ne4 b5 17. Nxf6+ Nxf6 18. g4 bxc4 19. Rxc4 Nxg4 20. Rg1 f5 21. Qc2 Qb5 22. Ne5 Nxe5 23. dxe5 Qxe5 24. Bc3 1-0

[Event "MuConsult Tienkamp 2013"]
[Site "dok Zuid"]
[Date "2013.05.25"]
[Round "7.2"]
[White "Thomas Beerdsen"]
[Black "Roeland Pruijssers"]
[Result "1/2-1/2"]
[LiveChessVersion "1.4.1"]
[BlackElo "2552"]
[WhiteElo "2195"]

1. e4 e5 2. Nf3 d6 3. d4 exd4 4. Nxd4 Nf6 5. Nc3 Be7 6. Bc4 O-O 7. O-O c6 8. Bg5 h6 9. Bf4 b5 10. Bd3 b4 11. Nce2 c5 12. Nf3 Be6 13. c4 Nc6 14. Ng3 Ng4 15. b3 Nge5 16. Nxe5 dxe5 17. Be3 Re8 18. Qe2 Nd4 19. Qh5 Nxb3 20. Rad1 Nd4 21. Qxe5 Bg4 22. f3 Bd6 23. Qd5 Be6 24. Qh5 Bf8 25. e5 Qd7 26. Ne4 Bf5 27. Nxc5 Bxc5 28. Bxf5 Qxf5 29. Qxf5 Nxf5 30. Bxc5 Rxe5 31. Bxb4 Ne3 1/2-1/2

[Event "MuConsult Tienkamp 2013"]
[Site "dok Zuid"]
[Date "2013.05.25"]
[Round "7.3"]
[White "Twan Burg"]
[Black "Hugo ten Hertog"]
[Result "0-1"]
[LiveChessVersion "1.4.1"]
[BlackElo "2388"]
[WhiteElo "2479"]

1. g3 g6 2. Bg2 Bg7 3. e4 c5 4. Ne2 Nc6 5. c4 d6 6. Nbc3 e5 7. d3 Nge7 8. a3 O-O 9. O-O f5 10. f4 fxe4 11. dxe4 Nd4 12. Nxd4 cxd4 13. Nd5 Nxd5 14. cxd5 Qb6 15. Qd3 Bd7 16. a4 Rac8 17. Ra2 Qa6 18. Qxa6 bxa6 19. Bd2 Rc2 20. Bb4 Rf6 21. fxe5 dxe5 22. h3 Rxf1+ 23. Bxf1 Bh6 24. Bd6 Be3+ 25. Kh1 Rf2 26. Ra1 Bxa4 27. Bd3 Bd7 28. Rf1 Rxb2 29. g4 Bf4 30. Ra1 Rh2+ 31. Kg1 Rxh3 32. Bxa6 Bxg4 33. Bf1 Rg3+ 34. Kf2 Rf3+ 35. Kg2 Rc3 36. Kh1 Rc2 37. Bg2 d3 38. Bb4 d2 39. Bxd2 Rxd2 40. Rxa7 Rd1+ 41. Bf1 Rxf1+ 42. Kg2 Rd1 43. Ra8+ Kg7 44. Ra7+ Kf6 45. Ra3 Rd2+ 46. Kf1 h5 47. d6 Rxd6 48. Kg2 h4 49. Kg1 Rd2 50. Rb3 h3 51. Kf1 h2 52. Rg3 h1=Q+ 53. Rg1 Qf3+ 54. Ke1 Rd1# 0-1

[Event "MuConsult Tienkamp 2013"]
[Site "dok Zuid"]
[Date "2013.05.25"]
[Round "7.4"]
[White "Armen Hachijan"]
[Black "Merijn van Delft"]
[Result "1-0"]
[LiveChessVersion "1.4.1"]
[BlackElo "2394"]
[WhiteElo "2217"]

1. Nf3 d5 2. g3 c6 3. Bg2 Nf6 4. O-O Bf5 5. d3 h6 6. Nbd2 e6 7. Qe1 Bh7 8. e4 Bc5 9. b3 O-O 10. Bb2 a5 11. a3 Re8 12. Qe2 Na6 13. Kh1 Bf8 14. Rad1 Nc5 15. Ne5 Qc7 16. f4 Rad8 17. g4 dxe4 18. dxe4 Nfd7 19. Nxd7 Rxd7 20. Be5 Bd6 21. Bxd6 Rxd6 22. e5 Rd7 23. Nc4 Red8 24. Rxd7 Rxd7 25. Nd6 Qd8 26. f5 exf5 27. gxf5 Qe7 28. Nxf7 Rd5 29. Bxd5 cxd5 30. Nd6 b6 31. Re1 Kf8 32. Qg2 Ne4 33. Nxe4 Qxe5 34. Qg3 1-0

[Event "MuConsult Tienkamp 2013"]
[Site "dok Zuid"]
[Date "2013.05.25"]
[Round "7.5"]
[White "Maarten Solleveld"]
[Black "Stefan Kuipers"]
[Result "0-1"]
[LiveChessVersion "1.4.1"]
[BlackElo "2425"]
[WhiteElo "2529"]

1. e4 e6 2. d4 d5 3. Nc3 Bb4 4. e5 c5 5. a3 Bxc3+ 6. bxc3 Ne7 7. Qg4 cxd4 8. Qxg7 Rg8 9. Qxh7 Qc7 10. Ne2 dxc3 11. f4 Nbc6 12. Qd3 d4 13. Nxd4 Nxd4 14. Qxd4 Bd7 15. Be3 Nf5 16. Qc5 Bc6 17. Rg1 O-O-O 18. Qxc3 Bxg2 19. Qxc7+ Kxc7 20. Bxa7 Bxf1 21. Kxf1 Rh8 22. Rg2 Rh4 23. Rb1 Ra8 24. Bb6+ Kc6 25. Rb3 Rxf4+ 26. Rf2 Re4 27. Re2 Rf4+ 28. Bf2 Rc4 29. Rd2 b5 30. Rbd3 Rc8 31. Rd7 Rc7 32. Rd8 Kb7 33. Rf8 Rc3 34. Rdd8 Rxc2 35. Rb8+ Kc6 36. Rfd8 Rb7 37. Rdc8+ Rc7 38. Bb6 Rxc8 39. Rxc8+ Kxb6 40. Rxc2 Ne3+ 41. Ke2 Nxc2 42. h4 Nd4+ 43. Kd3 Nf3 44. h5 Nxe5+ 45. Ke4 Ng4 46. Kf4 f5 47. Kg5 Ka5 48. h6 Nxh6 49. Kxh6 f4 0-1

[Event "MuConsult Tienkamp 2013"]
[Site "dok Zuid"]
[Date "2013.05.25"]
[Round "8.1"]
[White "Sipke Ernst"]
[Black "Stefan Kuipers"]
[Result "0-1"]
[LiveChessVersion "1.4.1"]
[BlackElo "2425"]
[WhiteElo "2554"]

1. d4 d6 2. e4 Nf6 3. Nc3 e5 4. Nge2 Nbd7 5. g3 Be7 6. Bg2 O-O 7. O-O c6 8. a4 b6 9. h3 Qc7 10. Be3 Re8 11. g4 Ba6 12. Re1 Nf8 13. Ng3 Ng6 14. Nf5 Bf8 15. g5 Nd7 16. Qg4 exd4 17. Bxd4 Nge5 18. Qg3 g6 19. Nh6+ Bxh6 20. gxh6 f6 21. Rad1 Nf7 22. Be3 Rad8 23. h4 Kh8 24. b3 Bc8 25. Bf1 Nde5 26. Be2 Qe7 27. f4 Nd7 28. Bc4 Nxh6 29. f5 Qg7 30. Qxd6 gxf5+ 31. Kh1 Ng4 32. Rg1 Qf8 33. Qf4 Nxe3 34. Qxe3 Qe7 35. Qg3 f4 36. Qxf4 Ne5 37. Rxd8 Rxd8 38. Be2 Be6 39. Nd1 Ng6 40. Qh6 Bf7 41. Nf2 Rg8 42. h5 Ne5 43. Qf4 Rxg1+ 44. Kxg1 Be6 45. h6 Qf7 46. Kf1 Kg8 47. Nd3 Kf8 48. Ke1 Nxd3+ 49. cxd3 Ke7 50. Qb8 Bd7 51. b4 Qa2 52. Qh8 Qa1+ 53. Kf2 Qd4+ 54. Kf3 Bg4+ 55. Kg2 Bxe2 56. Qxh7+ Kd6 57. Qf5 Bxd3 58. e5+ Kc7 59. Qxf6 Qg4+ 60. Kf2 Qf5+ 61. Ke3 Qe4+ 62. Kf2 Qf5+ 63. Kg3 Qxf6 64. exf6 Kd6 65. Kf4 Ke6 66. b5 c5 0-1

[Event "MuConsult Tienkamp 2013"]
[Site "dok Zuid"]
[Date "2013.05.25"]
[Round "8.2"]
[White "Merijn van Delft"]
[Black "Maarten Solleveld"]
[Result "1-0"]
[LiveChessVersion "1.4.1"]
[BlackElo "2529"]
[WhiteElo "2394"]

1. e4 e5 2. Nf3 Nc6 3. Bb5 a6 4. Ba4 Nf6 5. O-O b5 6. Bb3 Be7 7. d3 d6 8. a4 Na5 9. Ba2 b4 10. Nbd2 O-O 11. c3 c5 12. d4 Qc7 13. Qe2 Rb8 14. dxe5 dxe5 15. Nc4 b3 16. Nxa5 Qxa5 17. Bb1 c4 18. Qxc4 Bb7 19. Qe2 Rfd8 20. Bg5 Rd7 21. Bd3 Nh5 22. g3 Bxg5 23. Nxg5 Nf6 24. f3 Rbd8 25. Rfd1 Bc6 26. Nh3 Qc5+ 27. Nf2 a5 28. Kg2 g5 29. h3 h5 30. g4 hxg4 31. hxg4 Ne8 32. Bc4 Rxd1 33. Nxd1 Qb6 34. Ne3 Nd6 35. Bd5 Bxd5 36. Nxd5 Qc5 37. Qd2 f6 38. Nxf6+ Kf7 39. Qxg5 Qc4 40. Nd5 Qe2+ 41. Kg3 Rh8 42. Qe7+ Kg8 43. Nf6# 1-0

[Event "MuConsult Tienkamp 2013"]
[Site "dok Zuid"]
[Date "2013.05.25"]
[Round "8.3"]
[White "Hugo ten Hertog"]
[Black "Armen Hachijan"]
[Result "1/2-1/2"]
[LiveChessVersion "1.4.1"]
[BlackElo "2217"]
[WhiteElo "2388"]

1. c4 Nf6 2. Nc3 g6 3. g3 Bg7 4. Bg2 O-O 5. e3 e5 6. Nge2 Nc6 7. O-O d6 8. d3 Bg4 9. h3 Be6 10. Nd5 Qd7 11. Kh2 Ne8 12. Rb1 Nd8 13. b4 c6 14. Ndc3 f5 15. b5 Nf6 16. Qa4 g5 17. f4 gxf4 18. exf4 Rc8 19. Qxa7 cxb5 20. Rxb5 e4 21. dxe4 fxe4 22. Nxe4 Nxe4 23. Bxe4 Rxc4 24. Bxh7+ Kxh7 25. Rh5+ Kg8 26. Qe3 Bf7 27. Rg5 Re8 28. Qd3 Qc6 29. Bb2 Rxe2+ 30. Qxe2 Rc2 31. Rxg7+ Kf8 32. Rf2 Rxe2 33. Rxe2 Ne6 34. Rh7 Qc4 35. Rd2 d5 36. h4 Bg6 37. Rh6 Qe4 38. Be5 Bf5 39. Rb2 d4 40. g4 Bxg4 41. Rh8+ Kf7 42. Rxb7+ Kg6 43. Rg8+ Kh5 44. Rh8+ Kg6 45. Rg8+ 1/2-1/2

[Event "MuConsult Tienkamp 2013"]
[Site "dok Zuid"]
[Date "2013.05.25"]
[Round "8.4"]
[White "Roeland Pruijssers"]
[Black "Twan Burg"]
[Result "1/2-1/2"]
[LiveChessVersion "1.4.1"]
[BlackElo "2479"]
[WhiteElo "2552"]

1. e4 c5 2. Nf3 d6 3. d4 cxd4 4. Nxd4 Nf6 5. Nc3 a6 6. Be3 Nbd7 7. g4 h6 8. Bg2 Ne5 9. h3 Qc7 10. Qe2 Nc4 11. Bc1 e5 12. Nf5 Be6 13. b3 Nb6 14. Bb2 Bxf5 15. exf5 d5 16. O-O-O O-O-O 17. Rhe1 d4 18. Ne4 Bb4 19. Rh1 Nfd5 20. Kb1 Kb8 21. a3 Nf4 22. Qf3 Be7 23. Bf1 Rc8 24. Bd3 Nbd5 25. Bc4 Rhd8 26. Rc1 Qa5 27. Bxd5 Nxd5 28. b4 Qb6 29. c4 dxc3 30. Nxc3 Nxc3+ 31. Rxc3 Rxc3 32. Qxc3 f6 33. Rc1 Qd6 34. Qc4 Qd3+ 35. Qxd3 Rxd3 36. Rc3 Rd2 37. Rc2 Rd3 38. Rc3 Rxc3 39. Bxc3 Kc7 40. Kc2 Kc6 41. f3 Kd5 42. Kd3 a5 43. Bd2 axb4 44. axb4 b5 45. Bc3 Bd8 46. Bd2 Bb6 47. Bc3 Ba7 48. Be1 Bb6 49. h4 Bd4 50. Bd2 Bf2 51. h5 Bd4 52. Be1 Bb6 53. Bd2 Ba7 54. Bc1 Bb6 55. Bd2 Bd8 56. Kd4+ 1/2-1/2

[Event "MuConsult Tienkamp 2013"]
[Site "dok Zuid"]
[Date "2013.05.25"]
[Round "8.5"]
[White "Sjef Rijnaarts"]
[Black "Thomas Beerdsen"]
[Result "1-0"]
[LiveChessVersion "1.4.1"]
[BlackElo "2195"]
[WhiteElo "2353"]

1. e4 c5 2. Nf3 d6 3. d4 cxd4 4. Nxd4 Nf6 5. Nc3 a6 6. Be3 Ng4 7. Bg5 h6 8. Bh4 g5 9. Bg3 Bg7 10. h3 Ne5 11. f3 Nbc6 12. Bf2 e6 13. Qd2 O-O 14. O-O-O Nxd4 15. Bxd4 Qa5 16. h4 g4 17. f4 Nc6 18. Bxg7 Kxg7 19. Qe2 h5 20. Rxd6 e5 21. f5 f6 22. Qd2 Nd4 23. Bc4 Kh7 24. Rxf6 Rxf6 25. Qg5 Be6 26. fxe6 Rg6 27. Qxh5+ Kg7 28. Rf1 Nf3 29. gxf3 g3 30. Rd1 Rd8 31. e7 Re8 32. Bf7 Kxf7 33. Rd6 Kxe7 34. Qxg6 Qxc3 35. Qf6# 1-0

[Event "MuConsult Tienkamp 2013"]
[Site "dok Zuid"]
[Date "2013.05.25"]
[Round "9.1"]
[White "Thomas Beerdsen"]
[Black "Sipke Ernst"]
[Result "0-1"]
[LiveChessVersion "1.4.1"]
[BlackElo "2554"]
[WhiteElo "2195"]

1. e4 c5 2. Nf3 a6 3. c3 e6 4. d4 d5 5. Nbd2 cxd4 6. cxd4 dxe4 7. Nxe4 Be7 8. Bd3 Nc6 9. O-O Nf6 10. Bg5 O-O 11. Ne5 Nxe4 12. Nxc6 bxc6 13. Bxe7 Qxe7 14. Bxe4 Rb8 15. b3 Bd7 16. Rc1 Qd6 17. Rc5 f5 18. Bf3 Rb4 19. Qc1 Rxd4 20. Ra5 e5 21. Rxa6 e4 22. Be2 Rd8 23. Qg5 Be6 24. Ra7 Qe5 25. Re7 Kf8 26. Bc4 R8d6 27. Ra7 Bxc4 28. Ra8+ Kf7 29. Qh5+ g6 30. Qxh7+ Qg7 31. Ra7+ Rd7 32. Rxd7+ Rxd7 33. Qxg7+ Kxg7 34. bxc4 Ra7 35. f3 e3 36. g3 Rxa2 37. Re1 Ra3 38. Kf1 g5 39. h4 gxh4 40. Kg2 Kf6 41. f4 hxg3 42. Kxg3 Rc3 43. Kf3 e2+ 44. Kxe2 Rxc4 45. Kd3 Rxf4 46. Rc1 Re4 47. Rxc6+ Kg5 48. Rc8 Re1 49. Kd2 Re7 50. Rc1 Kg4 51. Rg1+ Kh3 52. Rf1 Re5 53. Kd3 Kg2 54. Rf4 Kg3 55. Rf1 f4 56. Kd4 Re2 57. Kd3 Re8 58. Rg1+ Kf2 59. Rg7 f3 60. Rf7 Kg2 61. Rg7+ Kf1 62. Kd2 f2 63. Rh7 Re4 64. Kd3 Re5 65. Kd2 Rd5+ 66. Ke3 Ke1 67. Ke4 f1=Q 68. Kxd5 Qd3+ 69. Kd4 0-1

[Event "MuConsult Tienkamp 2013"]
[Site "dok Zuid"]
[Date "2013.05.25"]
[Round "9.2"]
[White "Twan Burg"]
[Black "Sjef Rijnaarts"]
[Result "1-0"]
[LiveChessVersion "1.4.1"]
[BlackElo "2353"]
[WhiteElo "2479"]

1. g3 d5 2. Bg2 Nf6 3. Nf3 g6 4. O-O Bg7 5. c4 c6 6. Qc2 O-O 7. d3 Bg4 8. h3 Bxf3 9. Bxf3 Nbd7 10. Bg2 e6 11. Nc3 Ne8 12. Rb1 Nd6 13. b3 Re8 14. Bb2 a6 15. Qd2 Rc8 16. cxd5 cxd5 17. e4 Qa5 18. d4 dxe4 19. Nxe4 Qxd2 20. Nxd2 Rc2 21. Ne4 Nb5 22. Rfd1 f5 23. a4 fxe4 24. axb5 Rf8 25. Rf1 axb5 26. Bxe4 Rd2 27. Bc3 Re2 28. Bxb7 b4 29. Bxb4 Rb8 30. Bf3 Rc2 31. Bc5 Nxc5 32. dxc5 Rxc5 33. Rfe1 Kf7 34. Be2 Rc2 35. Bd3 Rc3 36. Bc4 Rb6 37. Re4 Ke7 38. Rbe1 e5 39. R4e2 Rd6 40. Kg2 Bf6 41. Ra1 h5 42. h4 Kd7 43. Ra7+ Kc6 44. Rea2 Bd8 45. Re2 Rf6 46. Ra8 Bb6 47. Rc8+ Kb7 48. Ba6+ Kxa6 49. Rxc3 Kb5 50. Rxe5+ Kb4 51. Rf3 Rd6 52. Re4+ Ka3 1-0

[Event "MuConsult Tienkamp 2013"]
[Site "dok Zuid"]
[Date "2013.05.25"]
[Round "9.3"]
[White "Armen Hachijan"]
[Black "Roeland Pruijssers"]
[Result "0-1"]
[LiveChessVersion "1.4.1"]
[BlackElo "2552"]
[WhiteElo "2217"]

1. Nf3 f5 2. g3 Nf6 3. Bg2 g6 4. O-O Bg7 5. d3 O-O 6. Re1 d6 7. Nbd2 c5 8. e4 e5 9. c3 Nc6 10. a3 a5 11. a4 Kh8 12. Nf1 f4 13. d4 cxd4 14. cxd4 fxg3 15. hxg3 Bg4 16. N1h2 Bh5 17. d5 Nd4 18. Qd3 Bxf3 19. Nxf3 Nd7 20. Nxd4 exd4 21. Bd2 Qb6 22. Qb5 Qxb5 23. axb5 b6 24. Ra3 Rac8 25. Rc1 Ne5 26. Rc6 Nc4 27. Rd3 Nxb2 28. Rf3 d3 29. Rxf8+ Rxf8 30. f4 Bd4+ 31. Kf1 a4 32. Bb4 Ra8 33. e5 a3 34. Bxa3 Rxa3 35. Bf3 d2 36. Bd1 Nxd1 37. Ke2 Be3 38. exd6 Nb2 0-1

[Event "MuConsult Tienkamp 2013"]
[Site "dok Zuid"]
[Date "2013.05.25"]
[Round "9.4"]
[White "Maarten Solleveld"]
[Black "Hugo ten Hertog"]
[Result "0-1"]
[LiveChessVersion "1.4.1"]
[BlackElo "2388"]
[WhiteElo "2529"]

1. c4 g6 2. d4 Bg7 3. e4 d6 4. Nc3 Nd7 5. f4 e5 6. fxe5 dxe5 7. d5 Ne7 8. Nf3 O-O 9. Bd3 f5 10. O-O h6 11. exf5 gxf5 12. Bc2 Ng6 13. Be3 e4 14. Nd4 Nde5 15. c5 f4 16. Bc1 Bg4 17. Nde2 f3 18. Nxe4 fxe2 0-1

[Event "MuConsult Tienkamp 2013"]
[Site "dok Zuid"]
[Date "2013.05.25"]
[Round "9.5"]
[White "Stefan Kuipers"]
[Black "Merijn van Delft"]
[Result "1-0"]
[LiveChessVersion "1.4.1"]
[BlackElo "2394"]
[WhiteElo "2425"]

1. e4 c5 2. Nf3 e6 3. d4 cxd4 4. Nxd4 a6 5. Bd3 Bc5 6. Nb3 Be7 7. Qg4 g6 8. h4 h5 9. Qg3 d6 10. Bg5 Nc6 11. Nc3 b5 12. O-O-O b4 13. Ne2 Ne5 14. Be3 Bb7 15. Kb1 Nxd3 16. cxd3 Nf6 17. f3 a5 18. Qf2 Nd7 19. Bd4 e5 20. Be3 a4 21. Nd2 d5 22. d4 a3 23. b3 dxe4 24. Nxe4 Qa5 25. Nd2 exd4 26. Nxd4 Ne5 27. Bg5 f6 28. Bf4 Rc8 29. Rhe1 O-O 30. Qg3 Kh7 31. Bxe5 fxe5 32. Rxe5 Qc7 33. Nc4 Bf6 34. Ne6 Qf7 35. Nxf8+ Rxf8 36. Re2 Bg7 37. Qg5 Bc8 38. Re7 Bf5+ 39. Kc1 Qg8 40. g4 Rc8 41. gxf5 Rxc4+ 42. Kb1 Rc6 43. f6 1-0